| 000 | 00632nam a22001937a 4500 | ||
|---|---|---|---|
| 005 | 20251108164254.0 | ||
| 008 | 250721s1995 xx 000 0 ara d | ||
| 082 | 1 | 4 | _a329.9565/كيل |
| 100 | 1 | _aالكيلاني، موسى زيد | |
| 245 | 1 | 0 |
_aالحركات الإسلامية في الأردن و فلسطين : _bدراسة و تقييم / |
| 250 | _aط2 | ||
| 264 | 1 |
_aعمان : _bدار البشير للنشر و التوزيع، _c1995. |
|
| 300 | _a255ص. | ||
| 650 | 1 | 7 | _aالأحزاب السياسية |
| 650 | 1 | 7 | _aالأردن |
| 650 | 1 | 7 | _aالأحزاب الدينية |
| 942 |
_2ddc _cBK |
||
| 999 |
_c8023 _d8023 |
||